[Event "GER-chT8 KH-36 Br3 email"]
[Site "GER email"]
[Date "2009.10.09"]
[Round "?"]
[White "Reiher, Klaus"]
[Black "Schaffrinna, Anke"]
[Result "1/2-1/2"]
[WhiteElo "1983"]
[BlackElo "1984"]
[PlyCount "40"]
[EventDate "2009.10.15"]
[EventType "tourn (corr)"]
[EventRounds "4"]
[EventCountry "GER"]
[SourceTitle "Corr 2020"]
[Source "ChessBase"]
[SourceDate "2019.09.30"]
[SourceVersion "1"]
[SourceVersionDate "2019.09.30"]
[SourceQuality "1"]

1. e4 e5 2. Nf3 Nc6 3. Bc4 Bc5 4. Nc3 Nf6 5. 0-0 d6 6. h3 h6 7. d3 0-0 8. a3 a6 9. b4 Ba7 10. Be3 Bxe3 11. fxe3 Ne7 12. Qd2 c6 13. a4 b6 14. Qf2 d5 15. Bb3 Qd6 16. Qg3 Qxb4 17. Qxe5 Re8 18. Rab1 Qa5 19. Nd1 Nf5 20. Qc7 Re7 1/2-1/2

[Event "GER OL-246 email"]
[Site "GER email"]
[Date "2009.01.12"]
[Round "?"]
[White "Reiher, Klaus"]
[Black "Schumacher, Frank"]
[Result "1-0"]
[WhiteElo "1640"]
[BlackElo "1819"]
[PlyCount "77"]
[EventDate "2008.??.??"]
[EventType "tourn (corr)"]
[EventRounds "6"]
[EventCountry "GER"]
[SourceTitle "Corr 2011"]
[Source "ChessBase"]
[SourceDate "2010.08.31"]
[SourceVersion "1"]
[SourceVersionDate "2010.08.31"]
[SourceQuality "1"]

1. d4 d5 2. Nf3 Nf6 3. c4 c6 4. Nc3 e6 5. e3 Nbd7 6. Bd3 dxc4 7. Bxc4 b5 8. Bd3 Bb7 9. 0-0 a6 10. e4 c5 11. d5 c4 12. Bc2 Qc7 13. Nd4 Nc5 14. Qe2 b4 15. Na4 Bd6 16. Nxc5 Bxc5 17. Ba4+ Kf8 18. Nc6 exd5 19. exd5 Qd6 20. Rd1 Re8 21. Qxc4 Re4 22. Qc2 Bc8 23. Bg5 Bf5 24. Rac1 Bb6 25. Nd4 Bxd4 26. Rxd4 Re1+ 27. Rxe1 Bxc2 28. Bxc2 Qc5 29. Rd2 Qd6 30. g3 h6 31. Bf4 Qd8 32. Bb3 g5 33. Be5 Kg7 34. d6 Qd7 35. Rc2 Re8 36. Rc7 Rxe5 37. Rxe5 Qxd6 38. Rxf7+ Kg6 39. Re6 1-0

[Event "GER OL-245 email"]
[Site "GER email"]
[Date "2009.??.??"]
[Round "?"]
[White "Reiher, Klaus"]
[Black "Gottsmann, Lothar"]
[Result "1-0"]
[WhiteElo "1640"]
[BlackElo "1640"]
[PlyCount "55"]
[EventDate "2009.??.??"]
[EventType "tourn (corr)"]
[EventRounds "6"]
[EventCountry "GER"]
[SourceTitle "Corr 2011"]
[Source "ChessBase"]
[SourceDate "2010.08.31"]
[SourceVersion "1"]
[SourceVersionDate "2010.08.31"]
[SourceQuality "1"]

1. e4 e6 2. d4 d5 3. Nd2 Nf6 4. e5 Nfd7 5. Ngf3 Be7 6. Bd3 f5 7. exf6 Nxf6 8. 0-0 0-0 9. Re1 Nc6 10. c3 Bd6 11. Ne5 Ne7 12. Ndf3 c5 13. dxc5 Bxc5 14. Be3 Bxe3 15. Rxe3 Nf5 16. Re2 Nd6 17. c4 Qa5 18. Qc2 Nde4 19. a3 Rd8 20. g4 h6 21. h4 Qc7 22. g5 hxg5 23. hxg5 Nd7 24. Bxe4 dxe4 25. Qxe4 Nxe5 26. Nxe5 Qe7 27. f4 Rb8 28. Rh2 1-0